00402 2200169 4500001002100000005001500021008004100036035001900077041000700096082000800103090001400111100001600125245003800141260001700179300002500196650001100221INLIS00000000000273420241224112607241224||||||||| | ||| |||| || |  0010-1224002734 aid0 a813 a813 AJI i0 aAjip Rosidi00aIkhtisar Sejarah Sastra Indonesia bPutra Bardin ax;224 hlm;16 x 23 cm 0aSastra